Statistics for Survivor Contestants Season 4: Marquesas

Click here to take the quiz!

General Stats

  • This quiz has been taken 89 times
  • The average score is 13 of 16

Answer Stats

FinishContestant% Correct
10th"Boston Rob" Mariano
100%
WinnerVecepia Towery
100%
3rdKathy Vavrick-O'Brien
98%
2ndNeleh Dennis
98%
4thPaschal "Pappy" English
92%
5thSean Rector
82%
9thJohn Carroll
78%
13thSarah Jones
74%
7thTammy Leitner
74%
14thHunter Ellis
70%
16thPeter Harkey
70%
8thZoe Zanidakis
68%
11thGina Crews
66%
12thGabriel Cade
64%
15thPatricia Jackson
62%
6thRobert "The General" DeCanio
54%

Score Distribution

Percentile by Number Answered

Percent of People with Each Score

Your Score History

You have not taken this quiz